000 02759nam a22003137i 4500
001 TCPA 6
003 gtcocun
005 20250913010416.0
006 a||||gr|||| 00| 0
008 250913b2013 gt ||||| m||| 00| 0 eng d
040 _agtcocun
_bSPA
_cgtcocun
_eRDA
041 _aSPA
084 _0TCPA 6
100 _aPrado Medina, Cristy Rufina
_eAutor
245 _aInforme final del Ejercicio Profesional Supervisado, realizado en el Liceo DR. Ricardo Bressani Cobán, Alta Verapaz/
_cCristy Rufina Prado Medina
_hImpreso
264 _aCobán, Alta Verapaz:
_bUniversidad de San Carlos de Guatemala, Centro Universitario del Norte, Licenciatura en Contaduría Pública y Auditoría.
_c2013
300 _a35 p.:
_bIlustraciones, gráficas.
_c28 cm; PDF
336 _2rdacontenido
_aTexto
_btxt
337 _2rdamedio
_aComputadora
_bn
338 _2rdasoporte
_aCódigo en línea
_bcr
502 _e.
502 _aTesis de grado
_bLicenciatura en Contaduría Pública y Auditoría.
_cUniversidad de San Carlos de Guatemala, Centro Universitario del Norte,
_d2013
_oTCPA 6
520 1 4 _aEl Ejercicio Profesional Supervisado –EPS-, fue realizado en el centro educativo privado Liceo Dr. Ricardo Bressani. La actividad económica principal que desarrolla esta casa de estudios, es la formación académica de niños y jóvenes en edad escolar. Como etapa inicial, se realizó un diagnóstico en el centro educativo a través de un proceso investigativo del que se obtuvo el conocimiento de la estructura orgánica de la entidad, así como de las actividades administrativas que realiza. Se identificaron las debilidades o problemáticas en la dirección técnica-administrativa, mismas que fueron priorizadas de acuerdo a su importancia para su adecuada solución. Se elaboró un plan de trabajo, en el cual se describió el proceso y tratamiento para cada problemática. Las acciones realizadas fueron las siguientes: Con respecto a la desactualización contable que presentaba el centro educativo, se procedió a actualizar los registros contables del año 2007 al 2010 logrando con este trabajo un 80% de avance. Se procedió a la revisión de las declaraciones del Impuesto al Valor Agregado –IVA- del año 2007 al 2012, y se presentó a la administración del centro educativo, una carta con el contenido de los resultados de este trabajo.
650 1 4 _2LEMB
_aCobán, Alta Verapaz
_xEstados financieros
_xManual contable
_xsistema computalizado
700 _aLic. Cont. Pub. y Aud. Obdulio Ottoniel León Pacay
_eAsesor
856 _uhttps://drive.google.com/file/d/1oPhhuG4Vdw9EWFqegqGa_uhnnmGU_tmj/view?usp=sharing
_yPDF
_zUn ejemplar en línea.
942 _2ddc
_cTES
_iTCPA_6
_kClasificación
_n0
_6TCPA__6
999 _c1842
_d1842